Score 0/30 Timer 10:00
3 Plays Today
% Correct
Things that can be Thrown
91.2%
Things that can be Lit
90.5%
Things that can be Smoked
90.5%
Things that can be Flat
90.4%
Things that can be Answered
90.1%
Things that can be Broken
90%
Things that can be Polished
90%
Things that can be Spread
89.4%
Things that can be Paid
89.3%
Things that can be Arranged
89.2%
Things that can be False
88.8%
Things that can be Rare
88.8%
Things that can be Cracked
88.4%
Things that can be Juicy
88.4%
Things that can be Bald
88.3%
% Correct
Things that can be Planted
88.3%
Things that can be Poached
88.1%
Things that can be Golden
87.8%
Things that can be Returned
87.1%
Things that can be Fired
87%
Things that can be Loaded
86.7%
Things that can be Set
86.3%
Things that can be Held
85.6%
Things that can be Shot
85.4%
Things that can be Painted
84.5%
Things that can be Snapped
83.4%
Things that can be Spiked
83.3%
Things that can be Caught
82.4%
Things that can be Drawn
82.4%
Things that can be Fed
80.6%
Remove Ads.
Support Sporcle.
Get the best of Sporcle when you Go Orange. This ad-free experience offers more features, more stats, and more fun while also helping to support Sporcle. Thank you for becoming a member.

You're not logged in!

Compare scores with friends on all Sporcle quizzes.
OR
Log In

Show Comments

Extras

Top Quizzes Today


Score Distribution

Your Account Isn't Verified!

In order to create a playlist on Sporcle, you need to verify the email address you used during registration. Go to your Sporcle Settings to finish the process.

Report this User

Report this user for behavior that violates our Community Guidelines.

Details: